| 000 | 01205nam a22002177a 4500 | ||
|---|---|---|---|
| 999 |
_c3469 _d3469 |
||
| 005 | 20240126141728.0 | ||
| 008 | 240126b ||||| |||| 00| 0 eng d | ||
| 020 | _a9781684121632 | ||
| 040 | _cKH8 | ||
| 082 | _aFIC MAT | ||
| 100 |
_a Matthews, Andrew, _d1948- _eAuthor |
||
| 245 |
_aThe Shakespeare stories / _cAndrew Matthews |
||
| 260 |
_aCalifornia, San Diego, _bSilver Dolphin, _c2017 |
||
| 300 |
_a255 pages : _billustrations ; _c20 cm |
||
| 500 | _aCover title "4 books in one." Text originally published in: Oxford book of Shakespeare stories: London : Orchard, 2001 | ||
| 520 | _a"Discover the literary world of Shakespeare with these fantastic kid-friendly retellings of his most famous works. From the ghostly adventures of Hamlet to the fairy-filled romp of A Midsummer Night's Dream, these stories come alive with illustrations throughout that capture the humor and drama from the original stories. This set is a perfect introduction to Shakespeare for young readers!"--Publisher's description | ||
| 650 |
_aShakespeare, William, _y1564-1616 |
||
| 650 |
_aShakespeare, William, _xAdaptations Juvenile fiction _y1564-1616 |
||
| 700 |
_aTony Ross _eIllustrator |
||
| 942 |
_2ddc _cFIC |
||